Adsorption (Record no. 18586)

000 -LEADER
fixed length control field 00499nam a2200193 4500
001 - CONTROL NUMBER
control field 18586
003 - CONTROL NUMBER IDENTIFIER
control field BD-DhUET
008 - FIXED-LENGTH DATA ELEMENTS--GENERAL INFORMATION
fixed length control field 771008s1951 xx 000 0 eng
040 ## - CATALOGING SOURCE
Original cataloging agency DLC
Transcribing agency OCP
Language of cataloging BD-DhUET
082 ## - DEWEY DECIMAL CLASSIFICATION NUMBER
Classification number 660.28423
Item number MAN/1951
100 1# - MAIN ENTRY--PERSONAL NAME
Personal name Mantell, C. L.
245 00 - TITLE STATEMENT
Title Adsorption
250 ## - EDITION STATEMENT
Edition statement 2nd ed.
260 ## - PUBLICATION, DISTRIBUTION, ETC. (IMPRINT)
Place of publication, distribution, etc. New York
Name of publisher, distributor, etc. McGraw-Hill
Date of publication, distribution, etc. 1951
300 ## - PHYSICAL DESCRIPTION
Extent viii, 634 p.
Other physical details illus.
Dimensions 24 cm.
490 1# - SERIES STATEMENT
Series statement Chemical engineering series
650 #0 - SUBJECT ADDED ENTRY--TOPICAL TERM
Topical term or geographic name as entry element Adsorption chemcal engineering
942 ## - ADDED ENTRY ELEMENTS (KOHA)
Koha item type General Book
Holdings
Koha date last seen Location (home branch) Copy number Koha date last borrowed Price effective from Lost status Sublocation or collection (holding branch) Source of classification or shelving scheme Not for loan Damaged status Koha item type Withdrawn status Piece designation (barcode) Koha full call number Date acquired Koha issues (times borrowed) Shelving location Koha normalized classification for sorting
2019-07-17Central Library, BUET12019-07-022015-03-30 Central Library, BUET   General Book 2049660.28423/MAN/19512015-03-301Circulation section660_284230000000000_MAN_1951